000 00626nam a2200193 i 4500
001 42933
003 ES-MaACL
005 20251015063055.0
007 t|
008 030314s1874 it ||||1| ita d
100 1 _aCellini, Benvenuto,
_d1500-1571
_937369
245 1 3 _aLa vita di Benvenuto Cellini scritta da lui medisimo...con note e documenti illustrativie con un saggio delle sue rime.
250 _a2. edizione.
260 _aMilano :
_bEdoardo Sonzogno,
_c1874.
300 _a414 p. ;
_c18 cm.
600 1 4 _aCellini, Benvenuto,
_d1500-1571
_937369
852 _aES-MaACL
_jG-10405
999 _c42933
_d42933